Analýza postojov členských štátov Európskej únie počas migračnej krízy v roku 2015 bakalárska práca

Gespeichert in:
Bibliographische Detailangaben
1. Verfasser: Spišáková, Tamara
Körperschaft: Fakulta medzinárodných vzťahov EU. Katedra medzinárodných ekonomických vzťahov a hospodárskej diplomacie
Weitere Verfasser: Harakaľová, Ľubica, 1963-
Format: Buch
Sprache:Slowakisch
Veröffentlicht: Bratislava 2025
Tags: Tag hinzufügen
Keine Tags, Fügen Sie das erste Tag hinzu!

MARC

LEADER 00000nbm a2200000 4500
001 0309667
005 20260223144250.6
041 0 |a slo 
044 |a SK 
245 1 0 |a Analýza postojov členských štátov Európskej únie počas migračnej krízy v roku 2015  |b bakalárska práca  |c Tamara Spišáková ; školiteľ: Ľubica Harakaľová 
264 1 |a Bratislava  |c 2025 
300 |a 53 s. 
100 1 |a Spišáková, Tamara 
700 1 |a Harakaľová, Ľubica, 1963- 
710 2 |a Fakulta medzinárodných vzťahov EU. Katedra medzinárodných ekonomických vzťahov a hospodárskej diplomacie